El túnel

Spremljeno u:
Bibliografski detalji
Glavni autor: Browne, Anthony (Autor)
Format: Knjiga
Jezik:španjolski
Izdano: Ciudad de México Fondo de Cultura Económica 1993
Izdanje:1a. ed
Serija:Los Especiales de A la Orilla del Viento
Teme:
Oznake: Dodaj oznaku
Bez oznaka, Budi prvi tko označuje ovaj zapis!

MARC

LEADER 00000cam a2200000 a 4500
001 UCE9574
003 CL-VaPUC
005 20250310155301.0
008 151029e19930000mx |||||||||||||||||spa|d
999 |c 361238  |d 361236 
020 |a 9789681639716 
040 |c Pontificia Universidad Católica de Valparaíso 
082 0 4 |a 808.068  |b BRO  |2 21 
100 0 |a Browne, Anthony  |e author  |9 582449 
245 1 3 |a El túnel 
250 |a 1a. ed 
260 |a Ciudad de México  |b Fondo de Cultura Económica  |c 1993 
300 |a 28 p 
490 0 |a Los Especiales de A la Orilla del Viento 
583 |a last modification  |c 20151029 22:28:00  |k Rodrigo Vera 
650 0 |a Literatura infantil   |9 307465  |x Cuentos 
942 |c BK  |2 ddc 
945 |d 20151029 22:28:00  |a dcastane 
952 |0 0  |1 0  |3 erd  |4 0  |6 808_068000000000000_BRO_1993  |7 0  |8 A  |9 471636  |a BIBEDU  |b BIBEDU  |i 5245389  |l 1  |o 808.068 BRO 1993  |p 5245389  |r 2022-03-30  |s 2022-03-22  |w 2019-11-24  |y BK  |z Catalogado en:20151029  |k EPE 
952 |0 0  |1 0  |3 erd  |4 0  |6 808_068000000000000_BRO_1993  |7 0  |8 A  |9 471637  |a BIBEDU  |b BIBEDU  |i 5245397  |l 8  |o 808.068 BRO 1993  |p 5245397  |r 2024-05-10  |s 2024-04-29  |w 2019-11-24  |y BK  |z Catalogado en:20151029  |k EPE